Islands Sorting Gallery Quiz Stats

Quiz Updated Sep 19, 2017

Challenge
Share
Tweet
Embed
Score 0/55 Timer 08:00
0 Plays Today
% Correct
Antigua
95.8%
Jamaica
95.1%
St Kitts
93.7%
St Lucia
93.7%
Cuba
93.5%
Aruba
92.2%
Puerto Rico
91.4%
Mykonos
89.5%
Grenada
88%
Vancouver
86%
Tonga
84.4%
Tuvalu
82.6%
Samoa
81.9%
Baffin
81.7%
Anguilla
80.1%
Skiathos
79.4%
Sardinia
77.9%
Naxos
77.8%
Patmos
77.6%
Cook Islands
77.5%
Paros
77.1%
Gran Canaria
76%
Rhodes
74.9%
St John
74.6%
Corfu
74.2%
Ellesmere
70.6%
Capri
70.1%
Santorini
69%
% Correct
Hawaii
68.4%
Easter Island
66.6%
Majorca
66.5%
Bathurst
65.6%
Minorca
64.5%
Resolution
62.8%
Ibiza
62.8%
Nottingham
62.6%
Salt Spring
61.1%
Hydra
60%
Anglesey
60%
La Palma
59.1%
Tokelau
59%
Fuerteventura
58.1%
Pitcairn Islands
56.5%
Tenerife
55.4%
Skuvoy
54.3%
Skye
53.9%
Streymoy
53.3%
Eysturoy
52.2%
Sandoy
50.8%
Lanzarote
50.5%
Kunoy
50.5%
La Gomera
44.3%
Formentera
34.8%
Mahe
30.2%
Ischia
29.6%

You're not logged in!

Compare scores with friends on all Sporcle quizzes.
Sign Up with Email
OR
Log In

You Might Also Like...

Show Comments

Extras

Top Quizzes Today


Score Distribution

Your Account Isn't Verified!

In order to create a playlist on Sporcle, you need to verify the email address you used during registration. Go to your Sporcle Settings to finish the process.